| 000 | 00576nam a2200181 4500 | ||
|---|---|---|---|
| 999 |
_c189794 _d189794 |
||
| 005 | 20220713113534.0 | ||
| 010 | _aENG-133505 | ||
| 020 |
_a9788171921577 _c1450.00 |
||
| 035 | _aEN-117037 | ||
| 037 | _bDBAD/PUB | ||
| 082 | _a302.095479 | ||
| 100 | _aMehra,Deepshikha | ||
| 245 |
_aRole of social capital in forest conservation:Case studies from vidarbha region/ _cDeepshikha,mehra |
||
| 260 |
_aNagpur _bDattsons _c2018 |
||
| 270 |
_aJawaharlal Nehru Marg Sadar, _bNagpur _e440001 |
||
| 300 |
_axii,200p. _c25cm(HB) |
||
| 942 |
_2ddc _cEN _h302.095479 _mMEH |
||